00812nam a2200193 a 450000100100000000500170001000800410002704000250006808200090009311000510010224500240015326000350017730000200021204900090023295201360024195201090037795201150048699900170060100002987120200930055854.0110426s2006 dr ac 000 0 spa d aDO-SdBNPbspacBNPHU axxxx2 aAyuntamiento de San José de las Matas95661710aMemorias 2002-2006. aSanto Domingo :bArgos,c2006. a40 p. :b29 cm. aBNPD 001054708DSaGRbGRcCTd2011-04-28iLF1l0oxxxx p29871-30r2020-06-25te. 3, extraviadow2020-06-25yLFDSZPréstamo en sala 0010718PDaPDbPDcCTd2011-04-26iLF1l0oxxxx p29871-10r2020-06-25w2020-06-25yLFPDZNo se presta 0010718PDaPDbPDcCTd2011-04-28iLF1l0oxxxx p29871-20r2020-06-25te. 2w2020-06-25yLFPDZNo se presta c29363d29363